[Event "POL-chT3 0607"]
[Site "Poland"]
[Date "2007.04.01"]
[Round "11.4"]
[White "Smykowski, Mateusz"]
[Black "Wesolowska, Magdalena"]
[Result "1-0"]
[WhiteElo "1924"]
[BlackElo "1996"]
[PlyCount "25"]
[EventDate "2006.11.12"]
[EventType "team-tourn"]
[EventRounds "11"]
[EventCountry "POL"]
[SourceTitle "EXT 2009"]
[Source "ChessBase"]
[SourceDate "2008.11.26"]
[SourceVersion "1"]
[SourceVersionDate "2008.11.26"]
[SourceQuality "1"]

1. Nc3 d5 2. Nf3 c5 3. d4 Nf6 4. Bf4 Bf5 5. e3 Nc6 6. Bd3 Bxd3 7. Qxd3 e6 8. 0-0 Bd6 9. dxc5 Bxf4 10. exf4 Qa5 11. Qb5 Qc7 12. Rad1 Qxf4 13. Qxb7 1-0

[Event "POL-chT3 0607"]
[Site "Poland"]
[Date "2007.02.18"]
[Round "8.3"]
[White "Smykowski, Mateusz"]
[Black "Fladrowski, Bartosz"]
[Result "1-0"]
[WhiteElo "1924"]
[BlackElo "2096"]
[PlyCount "97"]
[EventDate "2006.11.12"]
[EventType "team-tourn"]
[EventRounds "11"]
[EventCountry "POL"]
[SourceTitle "EXT 2009"]
[Source "ChessBase"]
[SourceDate "2008.11.26"]
[SourceVersion "1"]
[SourceVersionDate "2008.11.26"]
[SourceQuality "1"]

1. e4 e5 2. Nf3 Nc6 3. Nc3 Nf6 4. a3 h6 5. Bb5 d6 6. d4 exd4 7. Nxd4 Bd7 8. 0-0 Be7 9. f4 0-0 10. Nxc6 bxc6 11. Bc4 d5 12. exd5 Bc5+ 13. Kh1 Ng4 14. Qe1 Re8 15. Qg3 cxd5 16. Nxd5 c6 17. Nc3 Bf5 18. h3 Nf6 19. Qf3 Bxc2 20. f5 Qd4 21. Ba6 Qh4 22. Bf4 Ne4 23. Rac1 Nf2+ 24. Kh2 Be4 25. Bg3 Bd6 26. Qxf2 Qf6 27. Nxe4 Rxe4 28. Qf3 Rae8 29. Bxd6 Qxd6+ 30. Qg3 Qd2 31. f6 g6 32. Bc4 g5 33. Qc7 Rf8 34. Rcd1 Qe3 35. Rde1 Qd4 36. Rxe4 Qxe4 37. b3 Qd4 38. Re1 Qxf6 39. Re7 g4 40. Rxf7 Rxf7 41. Qxf7+ Qxf7 42. hxg4 Qxc4 43. bxc4 Kf7 44. Kg3 Kf6 45. Kf4 a6 46. a4 a5 47. c5 Ke6 48. g5 hxg5+ 49. Kxg5 1-0

[Event "Bydgoszcz-Torun"]
[Site "Bydgoszcz"]
[Date "2006.12.03"]
[Round "?.17"]
[White "Smykowski, Mateusz"]
[Black "Szmidt, Przemyslaw"]
[Result "1-0"]
[WhiteElo "1924"]
[BlackElo "1901"]
[PlyCount "42"]
[EventDate "2006.12.03"]
[EventType "team-match"]
[EventRounds "1"]
[EventCountry "POL"]
[SourceTitle "EXT 2018"]
[Source "ChessBase"]
[SourceDate "2017.10.13"]
[SourceVersion "1"]
[SourceVersionDate "2017.10.13"]
[SourceQuality "1"]

1. g3 Nf6 2. Bg2 g6 3. c4 Bg7 4. Nc3 c6 5. Nf3 d5 6. cxd5 cxd5 7. d4 0-0 8. 0-0 Nc6 9. Ne5 Nxe5 10. dxe5 Ng4 11. Qxd5 Nxe5 12. Bg5 Qxd5 13. Nxd5 e6 14. Nc7 Rb8 15. Be7 a6 16. Rac1 Bd7 17. Bxf8 Bxf8 18. Rfd1 Bc6 19. Bxc6 Nxc6 20. Nxa6 bxa6 21. Rxc6 Rxb2 1-0

[Event "Bydgoszcz op"]
[Site "Bydgoszcz"]
[Date "2006.09.23"]
[Round "7"]
[White "Smykowski, Mateusz"]
[Black "Starzynski, Waldemar"]
[Result "0-1"]
[WhiteElo "1922"]
[BlackElo "1935"]
[PlyCount "114"]
[EventDate "2006.09.15"]
[EventType "swiss"]
[EventRounds "9"]
[EventCountry "POL"]
[SourceTitle "EXT 2007"]
[Source "ChessBase"]
[SourceDate "2006.11.23"]
[SourceVersion "1"]
[SourceVersionDate "2006.11.23"]
[SourceQuality "1"]

1. e4 e6 2. d4 d5 3. Nd2 dxe4 4. Nxe4 Be7 5. Nf3 Nf6 6. Bd3 Nbd7 7. 0-0 Nxe4 8. Bxe4 Nf6 9. Bd3 0-0 10. Qe2 b6 11. Re1 Bb7 12. c3 c5 13. Bc4 Bxf3 14. gxf3 Qd6 15. Be3 Nd5 16. dxc5 bxc5 17. Rad1 Qc6 18. Bb5 Qb6 19. c4 Nxe3 20. fxe3 Rad8 21. Ba4 Bf6 22. Bb3 g6 23. Rxd8 Rxd8 24. Rc1 Qb4 25. Rd1 Rxd1+ 26. Qxd1 Bxb2 27. Kf2 Bf6 28. Ke2 Qb8 29. f4 Qb7 30. Qf1 Bc3 31. Qf3 Qd7 32. Kf2 a5 33. Qd1 Qe7 34. Qg4 e5 35. fxe5 Qxe5 36. Qf4 Qe7 37. Qf3 Kg7 38. h3 Qh4+ 39. Kg2 Be5 40. Kf1 a4 41. Bd1 Qxc4+ 42. Qe2 Qc1 43. Kf2 a3 44. Qc2 Qxc2+ 45. Bxc2 f5 46. Kf3 Kf6 47. Bb3 g5 48. Bc4 Bc3 49. e4 f4 50. Kg4 Ke5 51. Bd5 h6 52. Kf3 Kd4 53. Ke2 Ba5 54. Kf3 c4 55. h4 c3 56. Bb3 Kd3 57. h5 c2 0-1

[Event "Bydgoszcz op"]
[Site "Bydgoszcz"]
[Date "2006.09.23"]
[Round "8"]
[White "Tadych, Agnieszka"]
[Black "Smykowski, Mateusz"]
[Result "0-1"]
[WhiteElo "2037"]
[BlackElo "1922"]
[PlyCount "68"]
[EventDate "2006.09.15"]
[EventType "swiss"]
[EventRounds "9"]
[EventCountry "POL"]
[SourceTitle "EXT 2007"]
[Source "ChessBase"]
[SourceDate "2006.11.23"]
[SourceVersion "1"]
[SourceVersionDate "2006.11.23"]
[SourceQuality "1"]

1. d4 d5 2. Bg5 c6 3. e3 Nf6 4. Bd3 Qb6 5. Qc1 Nbd7 6. f4 h6 7. Bh4 Ng4 8. b3 g5 9. Bg3 Bg7 10. c3 0-0 11. Nf3 c5 12. h3 gxf4 13. Bxf4 e5 14. hxg4 exf4 15. exf4 cxd4 16. g5 Nc5 17. Qc2 Re8+ 18. Kd1 Ne4 19. Bxe4 dxe4 20. Nfd2 Bg4+ 21. Kc1 d3 22. Qb2 e3 23. Nc4 d2+ 24. Nbxd2 exd2+ 25. Qxd2 Qc6 26. gxh6 Rad8 27. Qf2 Bxc3 28. Qg3 Bd2+ 29. Kb2 Qd7 30. Rad1 Re2 31. Kb1 Qf5+ 32. Ka1 Kh7 33. Rxd2 Rdxd2 34. Nxd2 Qf6+ 0-1

[Event "Torun-Bydgoszcz m"]
[Site "Przysiek"]
[Date "2005.12.04"]
[Round "?"]
[White "Wisniewski, Adam"]
[Black "Smykowski, Mateusz"]
[Result "1-0"]
[WhiteElo "2068"]
[BlackElo "1930"]
[PlyCount "55"]
[EventDate "2005.12.04"]
[EventType "team-tourn"]
[EventRounds "1"]
[EventCountry "POL"]
[SourceTitle "EXT 2007"]
[Source "ChessBase"]
[SourceDate "2006.11.23"]
[SourceVersion "1"]
[SourceVersionDate "2006.11.23"]
[SourceQuality "1"]

1. e4 c5 2. c3 Nf6 3. e5 Nd5 4. d4 cxd4 5. Nf3 Nc6 6. Bc4 Nb6 7. Bb3 d5 8. exd6 Qxd6 9. 0-0 dxc3 10. Qxd6 exd6 11. Nxc3 Be7 12. Nb5 0-0 13. Be3 Bg4 14. Nxa7 Nxa7 15. Bxb6 Bxf3 16. gxf3 Bf6 17. Rad1 Be5 18. Rfe1 Nc6 19. Re4 Kh8 20. f4 f5 21. fxe5 fxe4 22. exd6 Ne5 23. d7 Nd3 24. f3 Rad8 25. Bxd8 Rxd8 26. fxe4 Nc5 27. e5 Nxb3 28. e6 1-0

[Event "Chojnice op-A"]
[Site "Chojnice"]
[Date "2005.07.21"]
[Round "8"]
[White "Siewert, Roman"]
[Black "Smykowski, Mateusz"]
[Result "0-1"]
[WhiteElo "2063"]
[BlackElo "1919"]
[PlyCount "30"]
[EventDate "2005.07.16"]
[EventType "swiss"]
[EventRounds "9"]
[EventCountry "POL"]
[SourceTitle "CBM 107 Extra"]
[Source "ChessBase"]
[SourceDate "2005.09.01"]
[SourceVersion "1"]
[SourceVersionDate "2005.09.01"]
[SourceQuality "1"]

1. e4 c5 2. Nf3 Nc6 3. Bb5 g6 4. 0-0 Bg7 5. Bxc6 dxc6 6. e5 Bg4 7. Re1 Nh6 8. h3 Bxf3 9. Qxf3 0-0 10. Nc3 Nf5 11. d3 Nd4 12. Qd1 Qc7 13. Bf4 Rad8 14. Rc1 Ne6 15. Bg3 c4 0-1

[Event "Chojnice op-A"]
[Site "Chojnice"]
[Date "2005.07.18"]
[Round "4"]
[White "Smykowski, Mateusz"]
[Black "Zolnierowicz, Krzysztof"]
[Result "0-1"]
[WhiteElo "1919"]
[BlackElo "2276"]
[PlyCount "64"]
[EventDate "2005.07.16"]
[EventType "swiss"]
[EventRounds "9"]
[EventCountry "POL"]
[SourceTitle "CBM 107 Extra"]
[Source "ChessBase"]
[SourceDate "2005.09.01"]
[SourceVersion "1"]
[SourceVersionDate "2005.09.01"]
[SourceQuality "1"]

1. e4 d5 2. Nc3 d4 3. Nce2 g6 4. Nf3 Bg7 5. Ng3 Nf6 6. Bc4 0-0 7. 0-0 Nc6 8. d3 e5 9. c3 h6 10. cxd4 exd4 11. Bf4 Kh7 12. Rc1 Na5 13. Bb3 Nxb3 14. Bxc7 Qe7 15. Qxb3 Be6 16. Qa4 Nd7 17. Bf4 Bg4 18. Rc7 g5 19. Bd2 Qd8 20. Rfc1 b6 21. Rxa7 Rxa7 22. Qxa7 Bxf3 23. gxf3 Ne5 24. Kg2 Nxd3 25. Rc7 Nf4+ 26. Kf1 Qf6 27. Nf5 d3 28. Bc3 Qe6 29. Bxg7 d2 30. Qa4 Qxa2 31. Qd1 Qa6+ 32. Kg1 Qe2 0-1

[Event "Chojnice op-A"]
[Site "Chojnice"]
[Date "2005.07.17"]
[Round "3"]
[White "Wypych, Dominik"]
[Black "Smykowski, Mateusz"]
[Result "1/2-1/2"]
[WhiteElo "2041"]
[BlackElo "1919"]
[PlyCount "55"]
[EventDate "2005.07.16"]
[EventType "swiss"]
[EventRounds "9"]
[EventCountry "POL"]
[SourceTitle "CBM 107 Extra"]
[Source "ChessBase"]
[SourceDate "2005.09.01"]
[SourceVersion "1"]
[SourceVersionDate "2005.09.01"]
[SourceQuality "1"]

1. d4 Nf6 2. c4 e6 3. Nc3 Bb4 4. Qc2 0-0 5. a3 Bxc3+ 6. Qxc3 d5 7. Bg5 c6 8. e3 Nbd7 9. Nf3 Qc7 10. Bf4 Qd8 11. Bd3 dxc4 12. Qxc4 Nb6 13. Qc2 Nbd5 14. Bg3 Qa5+ 15. Qd2 Qxd2+ 16. Nxd2 Rd8 17. Rc1 Nh5 18. Bh4 Nhf6 19. Bc4 h6 20. Nf3 g5 21. Bg3 Ne4 22. Bd3 Nd6 23. h4 g4 24. Nd2 Nf5 25. Bxf5 exf5 26. 0-0 Be6 27. Nc4 f6 28. Rfd1 1/2-1/2

[Event "Przelazy op-A"]
[Site "Przelazy"]
[Date "2004.??.??"]
[Round "8"]
[White "Miechowicz, Witold"]
[Black "Smykowski, Mateusz"]
[Result "1/2-1/2"]
[WhiteElo "1995"]
[BlackElo "2000"]
[PlyCount "88"]
[EventDate "2004.??.??"]
[EventType "swiss"]
[EventRounds "9"]
[EventCountry "POL"]
[SourceTitle "EXT 2007"]
[Source "ChessBase"]
[SourceDate "2006.11.23"]
[SourceVersion "1"]
[SourceVersionDate "2006.11.23"]
[SourceQuality "1"]

1. e4 c5 2. c3 Nf6 3. e5 Nd5 4. d4 cxd4 5. Nf3 Nc6 6. cxd4 g6 7. Nc3 Nxc3 8. bxc3 Bg7 9. Bd3 d5 10. Qe2 Bg4 11. h3 Bxf3 12. Qxf3 Qa5 13. Bd2 Bh6 14. Qd1 Bxd2+ 15. Qxd2 Rc8 16. Be2 0-0 17. 0-0 Qc7 18. Rab1 Na5 19. Rfc1 b6 20. Rb4 Nc6 21. Rb2 Na5 22. Rb4 Nc6 23. Rb5 e6 24. Rbb1 Na5 25. Qh6 Nc4 26. Qg5 Qd7 27. Bd1 Rc7 28. h4 Qe7 29. Qxe7 Rxe7 30. Be2 Rc7 31. Bxc4 Rxc4 32. Rb4 Rfc8 33. Rxc4 Rxc4 34. Kf1 Kg7 35. Ke2 Kh6 36. g4 Kg7 37. Kd3 f6 38. f4 h6 39. Re1 f5 40. gxf5 gxf5 41. Rg1+ Kf7 42. h5 Ra4 43. Rg2 Ra3 44. Rb2 Ke7 1/2-1/2

[Event "Solec Kuj-ch Seniors"]
[Site "Solec Kuj"]
[Date "2003.??.??"]
[Round "2"]
[White "Mazalon, Mariusz"]
[Black "Smykowski, Mateusz"]
[Result "1-0"]
[WhiteElo "2165"]
[BlackElo "1800"]
[PlyCount "59"]
[EventDate "2003.??.??"]
[EventType "swiss"]
[EventRounds "9"]
[EventCountry "POL"]
[SourceTitle "EXT 2007"]
[Source "ChessBase"]
[SourceDate "2006.11.23"]
[SourceVersion "1"]
[SourceVersionDate "2006.11.23"]
[SourceQuality "1"]

1. d4 g6 2. e4 Bg7 3. Nf3 c5 4. d5 d6 5. Nc3 Nd7 6. Be2 Ngf6 7. 0-0 0-0 8. a4 Ne8 9. Nd2 Nc7 10. Nc4 Ne5 11. Ne3 f5 12. f4 Nf7 13. exf5 Bxf5 14. Nxf5 gxf5 15. Bd3 Nh6 16. Bd2 Kh8 17. Qf3 Ng4 18. h3 Nf6 19. g4 fxg4 20. hxg4 Qd7 21. f5 Qe8 22. Rf2 Qf7 23. Bc4 Nd7 24. Rh2 Bd4+ 25. Kh1 Ne5 26. Qe2 Rg8 27. Rh4 Rxg4 28. Rxg4 Qh5+ 29. Kg2 Rg8 30. Rxg8+ 1-0

[Event "Solec Kuj-ch Seniors"]
[Site "Solec Kuj"]
[Date "2003.??.??"]
[Round "6"]
[White "Smykowski, Mateusz"]
[Black "Bugalski, Lukasz"]
[Result "0-1"]
[WhiteElo "1800"]
[BlackElo "2015"]
[PlyCount "58"]
[EventDate "2003.??.??"]
[EventType "swiss"]
[EventRounds "9"]
[EventCountry "POL"]
[SourceTitle "EXT 2007"]
[Source "ChessBase"]
[SourceDate "2006.11.23"]
[SourceVersion "1"]
[SourceVersionDate "2006.11.23"]
[SourceQuality "1"]

1. e4 c6 2. Nc3 d5 3. Nf3 Bg4 4. exd5 cxd5 5. Bb5+ Nc6 6. Ne5 Bd7 7. Bxc6 Bxc6 8. d4 e6 9. 0-0 Nf6 10. Bg5 Be7 11. Nxc6 bxc6 12. Qd3 0-0 13. Rab1 Rb8 14. Bf4 Bd6 15. Bxd6 Qxd6 16. Qa6 Nd7 17. a3 Qc7 18. Qd3 Nb6 19. b3 Rfc8 20. Rfe1 Qe7 21. Re5 Qxa3 22. Rh5 g6 23. Qg3 Nd7 24. Rh6 c5 25. Qh4 Nf8 26. f4 cxd4 27. f5 dxc3 28. f6 Qb4 29. Qh3 Qd4+ 0-1

[Event "Solec Kuj-ch Seniors"]
[Site "Solec Kuj"]
[Date "2003.??.??"]
[Round "4"]
[White "Smykowski, Mateusz"]
[Black "Halas, Przemyslaw"]
[Result "0-1"]
[WhiteElo "1800"]
[BlackElo "2160"]
[PlyCount "94"]
[EventDate "2003.??.??"]
[EventType "swiss"]
[EventRounds "9"]
[EventCountry "POL"]
[SourceTitle "EXT 2007"]
[Source "ChessBase"]
[SourceDate "2006.11.23"]
[SourceVersion "1"]
[SourceVersionDate "2006.11.23"]
[SourceQuality "1"]

1. e4 e5 2. Nf3 Nc6 3. d4 exd4 4. Nxd4 Qh4 5. Nc3 Bb4 6. Ndb5 Nf6 7. Nxc7+ Kd8 8. Nxa8 Nxe4 9. Be3 Nxc3 10. bxc3 Bxc3+ 11. Bd2 Re8+ 12. Be2 Bxa1 13. Qxa1 Nd4 14. 0-0 Nxe2+ 15. Kh1 Qd4 16. Ba5+ b6 17. Qxd4 Nxd4 18. Nxb6 Nc6 19. Nxc8+ Kxc8 20. Re1 Rxe1+ 21. Bxe1 Kc7 22. Bc3 f6 23. Kg1 Kd6 24. Kf1 Kd5 25. Ke2 Kc4 26. Kd2 d5 27. Bb2 Ne7 28. h4 h5 29. f3 Nf5 30. g4 hxg4 31. fxg4 Nxh4 32. Ba3 Nf3+ 33. Ke3 Ne5 34. Bf8 g6 35. Kf4 Nd7 36. Bg7 a5 37. g5 f5 38. Bb2 d4 39. Ba1 a4 40. Bb2 Nc5 41. Ke5 d3 42. cxd3+ Nxd3+ 43. Kf6 f4 44. Kxg6 f3 45. Kh7 f2 46. g6 f1Q 47. g7 Qh3+ 0-1